Effects of television and the viewers (Record no. 1030)

MARC details
000 -LEADER
fixed length control field 00787 a2200205 4500
008 - FIXED-LENGTH DATA ELEMENTS--GENERAL INFORMATION
fixed length control field 080822t xxu||||| |||| 00| 0 eng d
010 ## - LIBRARY OF CONGRESS CONTROL NUMBER
LC control number ENG-85077
020 ## - INTERNATIONAL STANDARD BOOK NUMBER
International Standard Book Number 8183241824
Terms of availability 295.00
035 ## - SYSTEM CONTROL NUMBER
System control number EN-68610
037 ## - SOURCE OF ACQUISITION
Source of stock number/acquisition D.B.Act / Pub
082 ## - DEWEY DECIMAL CLASSIFICATION NUMBER
Classification number 302.2345
100 ## - MAIN ENTRY--PERSONAL NAME
Personal name Datta, Amal
245 ## - TITLE STATEMENT
Title Effects of television and the viewers
Statement of responsibility, etc by Amal Datta
260 ## - PUBLICATION, DISTRIBUTION, ETC. (IMPRINT)
Place of publication, distribution, etc New Delhi
Name of publisher, distributor, etc Mittal Publication
Date of publication, distribution, etc 2007
270 ## - ADDRESS
Address 4549/9, Daryaganj
City New Delhi
Postal code 110 002
Electronic mail address mittalp@ndf.vsnl.net.in
300 ## - PHYSICAL DESCRIPTION
Extent xiv,124 p.
Other physical details 22cm. (Pbk.)
500 ## - GENERAL NOTE
General note includes index
942 ## - ADDED ENTRY ELEMENTS (KOHA)
Institution code [OBSOLETE] dpl
Koha item type English Books
Call number prefix 302.2345 / DAT
Source of classification or shelving scheme Dewey Decimal Classification
Classification part 302.2345
Call number suffix DAT
Holdings
Withdrawn status Lost status Damaged status Not for loan Home library Current library Date acquired Cost, normal purchase price Total Checkouts Full call number Barcode Date last seen Copy number Uniform Resource Identifier Cost, replacement price Price effective from Koha item type
        D.B.Act.Division D.B.Act.Division 22/08/2008 295.00   302.2345 DAT EN-68610 15/09/2008 1 2727 295.00 15/09/2008 English Books

© Delhi Public Library
Hit Counter
free hit counter